| 000 | 00387nam a2200133Ia 4500 | ||
|---|---|---|---|
| 008 | 231228s2010 xx 000 0 und d | ||
| 041 | _aeng | ||
| 082 | _bBRA | ||
| 100 | _aBRADY (Joseph A.)/ MONK (Ellen F.) | ||
| 245 | _aProblem-Solving Cases Using MS Access and Excel | ||
| 250 | _a2nd Rep. | ||
| 260 |
_aNew Delhi _bCengage Learning India Pvt. Ltd New Delhi _c2010 |
||
| 300 | _a244 | ||
| 999 |
_c1064487 _d1064487 |
||